[Event "POL-ch 68th"]
[Site "Warsaw"]
[Date "2011.02.17"]
[Round "6"]
[White "Bartel, Mateusz"]
[Black "Macieja, Bartlomiej"]
[Result "1-0"]
[WhiteElo "2617"]
[BlackElo "2636"]
[Annotator "Bartel,M"]
[PlyCount "71"]
[EventDate "2011.02.12"]
[EventType "swiss"]
[EventRounds "9"]
[EventCountry "POL"]
[SourceTitle "CBM 140 Extra"]
[Source "ChessBase"]
[SourceDate "2011.03.01"]
[SourceVersion "1"]
[SourceVersionDate "2011.03.01"]
[SourceQuality "1"]

{This game was played in 6th round. After two wins at the beginning of the
tournament I drew the 3 next games and I was among 6 players with +2 who were
leading. My opponent was also in that group of players.} 1. d4 Nf6 2. c4 e6 3.
Nf3 d5 4. Bg5 {I didn't wanted to play 4.Nc3 as well as Bartek plays both 4...
dxc4 and 4...c5. So, I decided to deviate.} h6 {Surprise. I expected the
capture on c4 or the check on b4.} 5. Bxf6 Qxf6 6. Nc3 Bb4 {4...h6 was a
surprise, this was even more unexpected (I was waiting for 6...c6). Now we are
in the Ragozin, an opening never tried by my opponent. I also haven't played
too many games in the Ragozin with White, but on the other hand my experience
was significant.} 7. e3 O-O 8. Be2 {The move which Anish Giri played versus me
at the last Olympiad. I didn't prepare that line before the game (which I
commented to CBM), so I decided to follow in Anish's footsteps. It turned to
be a good choice!} dxc4 9. O-O b6 $5 {At this point my opponent had less than
30 minutes on the clock when I still had almost 1:30. During the post mortem
Bartek told me that he knew the most natural 9...c5, but wanted to try
something else. However, his choice wasn't very fortunate.} (9... Rd8 10. Bxc4
c5 11. Ne4 Qg6 12. Bd3 cxd4 13. Nh4 Qh7 14. Nf6+ gxf6 15. Bxh7+ Kxh7 16. exd4
Nc6 17. Qf3 Kg7 18. Rad1 Rd5 19. Qg4+ Kh7 20. Rd3 Bd7 21. Rg3 Rg5 22. Qf3 Kg7
23. d5 Nd4 24. Qe3 {Mamedyarov,S (2722)-Aleksandrov,A (2627)/Mainz 2006/CBM
113 ext/1-0 (44)}) (9... c5 10. Ne4 Qe7 11. a3 cxd4 12. Qxd4 Ba5 13. Qxc4 a6
14. Rac1 Nc6 15. Qc5 Rd8 16. h3 Qxc5 17. Nxc5 Rd6 18. Rc2 Bb6 19. b4 a5 20. b5
Bxc5 21. Rxc5 Ne7 22. Rfc1 Bd7 23. Ne5 Be8 24. Rc7 {Perelshteyn,E (2540)
-Rensch,D (2400)/Peabody 2007/CBM 119 ext/1-0}) 10. Ne5 $146 {The most
aggressive reaction. This move is really multifunctional as well, as White
wants to fight for the white squares and wants to prepare an attack with the
f-pawn and wants to take control over the centre squares.} (10. Rc1 Bb7 11. Nb5
a6 12. Rxc4 axb5 13. Rxb4 Rxa2 14. Rxb5 Bc6 15. Rb4 Nd7 16. Rc4 Bxf3 17. Bxf3
c5 18. Qb3 Ra5 19. Rd1 e5 20. dxc5 Nxc5 21. Qc2 Ne6 22. b4 Ra7 23. Rc6 Rd8 24.
h3 Rxd1+ {Karpov,A (2690)-Wockenfuss,K (2350)/Bad Lauterberg 1977/EXT 2002/1-0}
) (10. Ne4 Qg6 11. Ne5 Qh7 12. Bf3 c6 13. Qa4 a5 14. Nxc6 Bd7 15. Ng3 Rc8 16.
a3 Bf8 17. Qxc4 Nxc6 18. Qb3 Rab8 19. Rac1 Ne7 20. Rxc8 Bxc8 21. Rc1 Kh8 22. h4
Ba6 23. Be4 f5 24. Bc6 Bc8 {Nakagori,K-Shakenov,E/Artek 1999/EXT 2000/0-1 (47)}
) 10... Bb7 11. f4 Qe7 12. Bf3 c6 ({Not something which Black is dreaming
about, but the alternative} 12... c5 {was very risky and it was hard to go for
it during the game. However, Black could play it!} 13. d5 $1 Bxc3 $1 {During
the game I thought this is not anything special.} (13... Rd8 $2 14. d6 $1 Rxd6
15. Qxd6 Qxd6 16. Bxb7 {and White will be simply a piece up.}) 14. bxc3 (14. d6
Bxf3 $1 {This is the move I missed.} 15. dxe7 Bxd1 16. exf8=Q+ Kxf8 17. bxc3
Ba4 {and probably the position is balanced.}) 14... exd5 15. Bxd5 Bxd5 16. Qxd5
Na6 {and White is slightly better, but for such a player as Bartek it would be
easy to escape with a draw.}) 13. Qc2 $6 {Objectively speaking this is an
inaccuracy, but from the practical point of view it is not a bad try. White
wants to create an attack on the kingside as quckly as possible. Unfortunately,
Black has a significant number of defensive resources.} (13. Nxc4 {did offer
White a slight advantage, but I wasn't sure if this was something real.}) 13...
Bxc3 ({In the event of} 13... Nd7 14. Bxc6 $1 Nxe5 15. Bxb7 Qxb7 16. fxe5 Bxc3
17. bxc3 {White would have nice attacking prospects on the kingside.}) 14. bxc3
c5 $1 {Good idea. Black wants to exchange some pieces to decrease White's
attacking potential.} 15. f5 ({After} 15. Bxb7 Qxb7 16. dxc5 Qc7 $1 {Black is
fine.}) 15... Bxf3 16. Rxf3 Nd7 $2 ({From the practical point of view the best
choice was} 16... exf5 $1 17. Qxf5 cxd4 18. exd4 Qe6 $1 {and the endgame after}
19. Qxe6 fxe6 20. Rxf8+ Kxf8 21. Rf1+ Kg8 {is only slightly better for White
and requires many strong moves to win. During the game I thought White's task
is easy, but the post mortem showed that I would have big problems to win that
position.}) 17. Nxd7 Qxd7 18. f6 $1 {This is what I was dreaming about - a
very strong pawn on f6 will help White to organise a killing attack.} e5 ({
My opponent was already short of time, but he noticed that after the natural} 
18... g6 {White would have the very strong} 19. e4 $1 Kh7 20. e5 $1 cxd4 21.
Rh3 $1 {and Black is lost. However, Bartek should try this. I saw the e3-e4
idea, but being convinced that White is completely winning I would have had a
good chances of missing the correct moment to push e4.}) ({The immediate} 18...
Qd5 {to transfer to h5 wasn't possible because of} 19. Rg3 g6 20. Rxg6+ fxg6
21. Qxg6+ Kh8 22. Qg7#) 19. Raf1 {There were other moves, but this one,
entering the a1-rook into the main theatre of operations was the most logical
for me.} g6 ({In the event of} 19... exd4 {White can play} 20. fxg7 Rfe8 (20...
Kxg7 21. Rg3+ Kh8 22. Rf6) 21. exd4 {and the attack should be decisive.}) 20.
Rh3 $2 {The beginning of some serious mistakes.} ({Just after pressing the
clock I realised that the simple} 20. Qe4 {was winning on the spot - the queen
is transferred to h4 and it finishes the game. Thinking over this move I
checked only Qf2, but I rejected this because of ...Qg4. Unfortunately, Qe4
remained unnoticed...}) 20... Qg4 {This is not very promising, but it's hard
to find something better.} ({If Black tried} 20... exd4 {I think I would
finally play} 21. Qe4) 21. Rg3 {There were other options, like the trivial 21.
dxe5, but I was so much focused on my attack...} Qh5 22. d5 {A big mistake. I
was sure that Black was helpless and I could do almost everything. This moment
of relaxation could have cost me a lot...!} ({The simple} 22. Rf5 $1 {was
winning quickly, but I missed that after} Qh4 (22... g5 {is losing because of
the fine} 23. h4 exd4 24. Rfxg5+ $1 hxg5 25. Qf5) 23. Rh3 Qe1+ {I have} (23...
Qg4 24. Rxe5 {and Rh3-g3-g6 is coming.}) 24. Rf1 {and it's over.}) 22... Rfe8 {
This move is a bit senseless.} ({Exactly at that moment Black had a fantastic
chance to change things by playing} 22... e4 $1 {Both players saw that move,
but for some reasons neither of us understood that the queen on h5 becomes
very active and after} 23. Qxe4 Rad8 $1 {White is no longer better!}) 23. e4 {
The calm way of playing.} ({Again, it was better to play} 23. Rf5 g5 (23... Qh4
24. Qd1 $1 Qe4 25. Qh5) 24. h4 $1) 23... Kh7 24. Qd2 g5 25. Rf5 Rg8 {This is
losing quickly.} ({I must admit that I was shocked when engines showed me that
after the paradoxical} 25... Kg6 {Black is defending stubbornly! I would need
to think about something special to break Black's wall. It's hard to believe,
but it's hard to eliminate the black queen, for example after} 26. h3 $5 b5 27.
Rg4 a5 {and the black queen is completely closed in, but Black has real
counterchances on the queenside! It only shows how important it is to finish
the game at the correct moment. Such stubborn defence is not what you want to
face, when it was easy to win some moves earlier!}) 26. Rxe5 {Now White is not
only positionally better, but also has two strong central pawns.} Qg6 $2 {
A tactical mistake, which made things easier.} 27. Rexg5 $1 Qxg5 (27... hxg5
28. Rh3+ Qh6 29. Rxh6+) 28. Rxg5 Rxg5 29. d6 {White is completely winning and
the rest is really simple.} Rd8 30. d7 b5 31. Qd6 b4 32. Qe7 bxc3 33. Qxd8 c2
34. Qh8+ Kxh8 35. d8=Q+ Kh7 36. Qd2 1-0

[Event "Olympiad-39"]
[Site "Khanty-Mansiysk"]
[Date "2010.09.25"]
[Round "5.4"]
[White "Giri, Anish"]
[Black "Bartel, Mateusz"]
[Result "1-0"]
[WhiteElo "2677"]
[BlackElo "2599"]
[Annotator "Bartel,M"]
[PlyCount "81"]
[EventDate "2010.09.21"]
[EventType "team-swiss"]
[EventRounds "11"]
[EventCountry "RUS"]
[SourceTitle "CBM 139"]
[Source "ChessBase"]
[SourceDate "2010.11.18"]
[SourceVersion "1"]
[SourceVersionDate "2010.11.18"]
[SourceQuality "1"]
[WhiteTeam "Netherlands"]
[BlackTeam "Poland"]
[WhiteTeamCountry "NED"]
[BlackTeamCountry "POL"]

1. Nf3 Nf6 2. c4 e6 3. Nc3 d5 4. d4 Bb4 5. Bg5 h6 6. Bxf6 Qxf6 7. e3 O-O 8. Be2
$5 {This move is not the most common and it came as a surprise for me.} ({
Much more popular are both} 8. Rc1) ({and} 8. Qb3 {.}) 8... dxc4 9. O-O $1 {
The point of the previous move. With the bishop on d3, White would be forced
to take on c4. Here we have an extra opportunity for White.} c5 ({The
alternative was} 9... Bxc3 10. bxc3 b5 11. a4 c6 12. Ne5 a6 13. Bf3 {but I
believe White has serious compensation for the pawn.}) 10. Ne4 Qe7 11. Bxc4 ({
It was also possible to try} 11. a3 cxd4 12. Qxd4 (12. axb4 d3) 12... Ba5 {
but I believe Black shouldn't be worse here.}) 11... cxd4 12. Nxd4 Rd8 $6 ({
This natural move is probably not very good. Black should think about
development of bishop and knight first, rooks aren't so important at this
moment. Probably best was} 12... Bd7 {(preparing Nb8-c6) and it's not so easy
to show what White really has for Black's pair of bishops, eg.} 13. a3 (13. Qb3
Nc6) 13... Ba5 14. Qh5 Nc6 $1 {and Black is extremely fine.}) ({Also possible,
but I believe slightly suspicious is the move} 12... e5 13. Nb3 ({Probably
White has nothing for achieving control over the d5-square after} 13. Nb5 Rd8
14. Qb3 a6 15. Nbc3 Bxc3 16. Nxc3 b5 17. Bd5 Bb7) 13... Nd7 14. a3 Nb6 15. Bd3
(15. Be2 Rd8) 15... f5 16. axb4 fxe4 17. Bxe4 Qxb4) 13. Qh5 $1 {I believe this
move was prepared by Anish. The idea of this move is very simple - White wants
to create an attack before Black develops his pieces. The other very important
factor is that the queen from h5 takes the a5-square under control.} Qf8 $5 {
At the first sight this move looks stupid, but it's not so sensless. Black
wants to keep his pair of bishops on the board and frees the square e7 for the
bishop.} ({I can't believe that} 13... Qc7 {was a real alternative. After the
logical} 14. Rac1 Nc6 15. Bb5 Bd7 16. Bxc6 Bxc6 17. Nxc6 bxc6 {Black has a
worse structure and must suffer.} 18. Rc4 Be7 19. Rfc1 Rd5 20. Qe2 Rad8 21. f4
$5 $14) 14. f4 {It was not a surprise for me when Anish played that move. The
f-pawn is getting really annoying!} Nc6 {During the game I considered this
move as the only option, because Black must hurry up with development. Of
course, Black will have a very bad structure, but White also has some problems
with e3 now.} 15. Nxc6 bxc6 16. g4 $6 {This move is very risky and objectively
simply weak. White is going to mate Black, but at the same time the white king
is getting very weak.} ({The natural} 16. Rad1 Be7 17. Qe5 $5 {was much better
for White.}) 16... Rd5 $5 {Well... when I realised that this move is not
totally stupid, I couldn't stop my hands. I was pretty sure that Black's
compensation - a strong centre, the bishop pair and a weak white king - would
be enough in a practical game.} ({However, much better was the simple, but not
obvious} 16... Bd2 $1 17. Nxd2 (17. Rf3 Qb4 $1) 17... Rxd2 {and Black is fine.}
) 17. g5 $1 ({The strongest reaction. The immediate capture was not correct:} 
17. Bxd5 exd5 18. Ng3 (18. Nf2 Ba6) 18... Bd2 19. Rf3 Qb4 {and Black's
position is superb.}) 17... f5 $2 ({This move is a mistake. I thought that the
pawn on f5 will allow Black to keep the centre under serious control. However,
there is a serious drawback - the black king will be also very weak. The
correct decision was} 17... Be7 $1 {and now White should make a move like Rf2
because after} 18. Bxd5 exd5 19. Nd2 hxg5 20. fxg5 g6 21. Qh4 Rb8 22. b3 Qd8 {
Black has a fine position.}) 18. Bxd5 exd5 (18... cxd5 {was completely
sensless, as well as after} 19. Nf2 Ba6 20. Rfc1 {Black would be mated quickly.
}) 19. Ng3 {Starting from here my opponent started to play a bit strangely. In
fact I was not surprised - this is not a position which is easy to play -
White is better, but it's not so simple to decide how to play. You must be
also very careful - one wrong move can lose the game when Black has such
strong bishops!} Kh7 $1 {The only move. Black wants to have the opportunity to
play g6 after gxh6.} 20. Qf3 $2 ({The first strange move. Computers indicates
that quick action against the black king should be decisive:} 20. Rf3 $1 Bd7
21. Ne2 $1 Re8 22. Rg3 Bc5 (22... g6 23. Qxh6+ Qxh6 24. gxh6 {is hopeless.})
23. Kf2 Re6 {and Black is not losing by force, but problems are visible.})
20... Bd7 21. Kh1 $2 {Anish wanted to put his rooks on the g-file, but the
king in the corner is not really well placed, when the opponent's
white-squared bishop is still on the board! However, it's not so easy to find
a logical plan anymore.} Re8 22. Rad1 g6 {This move is always useful.} 23. gxh6
Qe7 {At this moment I liked my position, I even thought that I might be better.
Black has some threats (a weak e3-pawn, plan of opening the h1-a8 diagonal)
and at the same time White is just moving pieces without any idea.} 24. Rd3 Bc8
$1 {The bishop is not only intending to attack the rooks from a6, but also
visit the b7-square (which is protected!) one day.} 25. Rg1 c5 $1 {This is
what I wanted to play, when Anish put his king to h1.} 26. Rxd5 ({There's
nothing else to do, you can only lose playing moves like} 26. a3 {after the
simple} d4) 26... Bb7 27. Rgd1 ({There is nothing better than this.} 27. Qg2 {
is losing because of} Qf7 28. Rgd1 (28. e4 fxe4 29. Nxe4 Rxe4 $1 30. Rd7 Re7)
28... Rxe3 29. Kg1 Re1+ 30. Rxe1 Bxe1) ({, but also possible was} 27. Kg2 Bd2
28. Rd1 Bxe3 29. Rd7 Bxf3+ 30. Kxf3 Bd4 31. Rxe7+ Rxe7 {with more or less
equal chances.}) 27... c4 $4 ({What a pity! I played this game in very
interesting fashion and at the final moment I couldn't find the move. The idea
of moving c5-c4 is correct - the bishop from b4 must be included in the game.
The problem is, that the moment is wrong! I should have played the "obvious"} 
27... Rd8 $1 {and after} 28. e4 $2 ({The correct move is} 28. Kg2 Rxd5 29. Rxd5
Bd2 {with a, probably, drawish endgame.}) 28... fxe4 29. Qxe4 {Black has a
fantastic blow:} c4 $3 {Right now! The bishop is entering the game again,
defending the queen. The game for White is over, as well as after} 30. Kg1 {
Black has another beautiful trick:} Qc5+ $1) 28. e4 $1 {I overlooked many
things here (also Kg2 was ok) but this move is best.} fxe4 29. Qe3 $1 {White
gives the exchange back, but now all black pawns are extremely weak.} Bxd5 30.
Rxd5 Rd8 31. Rxd8 Qxd8 32. Qxe4 {This endgame is probably lost. Usually Q+N
cooperate better than Q+B and this is not an exception.} Qd1+ ({The "smart"} 
32... c3 {does not help:} 33. Qxb4 c2 34. Qc3 $1) 33. Kg2 Qd2+ 34. Kh3 Bd6 35.
Kg4 Kxh6 36. Qxc4 {White is two pawns up, so the rest is simple.} Qd1+ 37. Qe2
Qd5 38. b3 Qd4 39. Qe4 Qa1 40. Qd5 Bf8 41. f5 1-0

[Event "Bishkek zt"]
[Site "Bishkek"]
[Date "1993.??.??"]
[Round "?"]
[White "Kakageldyev, Amanmurad"]
[Black "Serper, Grigory"]
[Result "1-0"]
[WhiteElo "2415"]
[BlackElo "2590"]
[Annotator "Belov,I"]
[PlyCount "97"]
[EventDate "1993.??.??"]
[EventType "tourn"]
[EventRounds "13"]
[EventCountry "KGZ"]
[EventCategory "7"]
[SourceTitle "CBM 035"]
[Source "ChessBase"]
[SourceDate "1993.08.01"]
[SourceVersion "1"]
[SourceVersionDate "1993.08.01"]
[SourceQuality "1"]

1. d4 d5 2. c4 e6 3. Nf3 Nf6 4. Nc3 Bb4 5. cxd5 exd5 6. Bg5 Nbd7 7. e3 c5 8.
Bd3 Qa5 9. Qc2 c4 10. Bf5 O-O 11. O-O Re8 12. Nd2 g6 13. Bxd7 Nxd7 14. Rfc1 $5
$146 (14. Rae1 Nb6 15. f3 Bd7 16. Bh4 Na4 (16... Bf8 $5) 17. Ndb1 Bf8 18. e4 {
Krasenkov-Blatny/Katowice/1992/} Nb6 19. Nd2 Bg7 20. Bf2 Rac8 $10 {(Blatny)}) (
14. f3 Nb6 15. h4 $5 f6 $1 16. Bf4 (16. Bh6 $5 Bd7 17. h5) 16... Bd7 {
Dautov-Lutz/BRD/1992/} 17. a3 Bxc3 18. bxc3 Ba4 19. Qc1 Bc6 20. Ra2 Re6 21. Re1
$14 {Dautov}) 14... Bxc3 (14... Nb6 15. f3 Bd7) 15. Qxc3 Qxc3 16. Rxc3 b5 (
16... Nb6 17. b3 Be6 18. f3 $14) 17. e4 $1 Nb6 (17... dxe4 18. a4 $1 Nb6 19.
axb5 Bd7 20. Ra5 $16) 18. f3 Kg7 (18... Bb7 $142 19. e5 b4 20. Rcc1 a5 $132)
19. Rcc1 Bb7 (19... h6 $5 20. Bf4 Bb7) 20. e5 b4 $6 (20... Nd7 $5) 21. b3 c3 (
21... Rec8 22. a3 a5 23. axb4 axb4 24. Rxa8 Bxa8 25. Be7 $16) (21... Rac8 22.
a3 a5 23. axb4 axb4 24. Ra7 $16) 22. Nf1 h6 (22... Nd7 23. a3 a5 24. axb4 axb4
25. Rxa8 Rxa8 26. Be7 $16) 23. Bf6+ Kh7 24. a3 a5 25. axb4 axb4 26. Rxa8 Bxa8
27. Ne3 Nd7 28. Nc2 $14 Nxf6 29. exf6 Rb8 $2 (29... g5 $142 30. Nxb4 Rb8 31.
Na2 Rxb3 32. Nxc3 Kg6 $14) 30. Ra1 $1 $16 Bc6 31. Ra7 Be8 32. h4 $1 {/\ 32...
g5 33.h5} Rb6 33. Rc7 h5 (33... Ba4 34. Rxf7+ Kg8 35. Rg7+ Kf8 36. Na1 $1 $16)
34. Kf2 Rxf6 $6 35. Nxb4 Kg7 (35... Rb6 36. Nxd5 Rxb3 37. Nf6+ $18) 36. Rxc3
Rf4 37. Ke3 Rxh4 38. Nxd5 $18 Rh2 39. Kf2 Rh1 40. Ne3 Rb1 41. Nc4 Rd1 42. Ke3
Re1+ 43. Kd2 $1 Rf1 44. d5 Rf2+ 45. Ke3 Rxg2 46. Nd6 Bd7 47. Rc7 Bh3 48. Nxf7
Kf6 49. Kf4 1-0

[Event "Osijek"]
[Site "Osijek"]
[Date "1993.??.??"]
[Round "5"]
[White "Horvath, Csaba"]
[Black "Kovacevic, Vlatko"]
[Result "1/2-1/2"]
[WhiteElo "2495"]
[BlackElo "2475"]
[Annotator "Belov,I"]
[PlyCount "73"]
[EventDate "1993.11.??"]
[EventType "tourn"]
[EventRounds "11"]
[EventCountry "CRO"]
[EventCategory "9"]
[SourceTitle "CBM 039"]
[Source "ChessBase"]
[SourceDate "1994.04.01"]
[SourceVersion "1"]
[SourceVersionDate "1994.04.01"]
[SourceQuality "1"]

1. d4 Nf6 2. c4 e6 3. Nf3 d5 4. Nc3 Bb4 5. Bg5 Nbd7 6. cxd5 exd5 7. Qc2 $5 c5 (
7... h6 8. Bh4 g5 (8... c5 9. e3 c4 (9... Qa5 10. Bd3 O-O 11. O-O c4 12. Bf5
Re8 13. Nd2 Be7 14. Rae1 Nb6 15. a3 $1 $14 {Kramnik,V-Serper,G/Dortmund/1993/
1:0 (27) Inf 57/412/}) 10. Be2 Qa5 11. O-O Bxc3 12. bxc3 Ne4 13. Rfc1 Nb6 14.
a4 Bf5 15. Qb2 O-O 16. Bd1 $14 {Kramnik,V-Lautier,J/Cannes/1991/ 1:0 (36)/}) 9.
Bg3 Ne4 10. e3 Nb6 11. Bd3 Bf5 12. Nd2 Nxg3 13. hxg3 Be6 14. a3 $16 {Sanchez
Jimenez,J-Campos Moreno,J/Linares(tt)/1991 0:1 (35)/}) 8. dxc5 Nxc5 (8... Qa5
9. Bd2 Nxc5 10. a3 Ne6 11. Rc1 Be7 12. e3 O-O 13. Bd3 Qd8 14. O-O $14 {Kveinys,
A-Stempin,P/Bydgoszcz (tt)/1990/ 1:0 (39)/}) 9. e3 O-O 10. a3 $5 $146 (10. Bd3
h6 11. Bh4 Be6 12. O-O Rc8 13. Nd4 g5 14. Bg3 Bxc3 15. Qxc3 Nfe4 $10 {Gofstein,
L-Kovacevic,V/Zagreb(zt)/1993/}) 10... Bxc3+ 11. Qxc3 Nfe4 $6 (11... Nce4 $5
12. Bxf6 $1 (12. Qd4 Nxg5 13. Nxg5 Bg4 $1 $10) 12... Nxf6 (12... Qxf6 13. Qxf6
Nxf6 14. Nd4 $14) 13. Be2 $14) 12. Bxd8 Nxc3 13. Be7 Nb3 $8 14. bxc3 (14. Bxf8
Kxf8 15. bxc3 Nxa1) 14... Nxa1 15. Bxf8 Kxf8 16. Nd4 $1 a5 17. Kd2 a4 18. Kc1
$1 (18. Bb5 $6 Nb3+ 19. Kc2 Nc5 $10) 18... Nb3+ 19. Nxb3 axb3 20. Kb2 Be6 21.
Be2 (21. Kxb3 d4+ 22. c4 dxe3 23. fxe3 Rd8 $44) 21... Ke7 22. Rd1 Kd6 23. Rd4
Kc5 24. h4 g6 25. g4 $2 (25. Bd1 $5 h6 26. Bxb3 $16) (25. Kxb3 h6 26. Kb2 g5
27. Rb4 b6 28. a4 $14) 25... h6 26. Kxb3 g5 27. hxg5 hxg5 28. c4 f6 29. cxd5
Bxd5+ 30. Bc4 Bc6 31. Bd3 Bd5+ 32. Kb2 Rh8 $44 33. Bf5 Rh1 34. Rd2 Rg1 35. Rc2+
Kd6 36. Rd2 Kc5 37. Rc2+ 1/2-1/2